000
002960000a22001330004500
003
MACL
040
_a
MACL
090
_c
32681
_d
32679
100
_a
Campbell, Chellie
245
_a
The Wealthy spirit
260
_b
Magna Publishing
_c
2002
650
_a
Economics & Land
942
_c
BOOK
_k
330.16/Cam
999
_c
32347
_d
32347